The Mitsui Bank : A history of the first 100 years

محفوظ في:
التفاصيل البيبلوغرافية
مؤلف مشترك: Japan Business History Institute
التنسيق: كتاب
اللغة:Undetermined
منشور في: Tokyo Mitsui Bank 1976
الموضوعات:
الوسوم: إضافة وسم
لا توجد وسوم, كن أول من يضع وسما على هذه التسجيلة!
Thư viện lưu trữ: Trung tâm Học liệu Trường Đại học Cần Thơ
LEADER 00536nam a2200193Ia 4500
001 CTU_98615
008 210402s9999 xx 000 0 und d
082 |a 332.1 
082 |b J33 
110 |a Japan Business History Institute 
245 4 |a The Mitsui Bank : 
245 2 |b A history of the first 100 years 
245 0 |c Japan Business History Institute 
260 |a Tokyo 
260 |b Mitsui Bank 
260 |c 1976 
650 |a Bank and banking 
904 |i Hiếu 
980 |a Trung tâm Học liệu Trường Đại học Cần Thơ